| 000 | 00371nam a2200145Ia 4500 | ||
|---|---|---|---|
| 008 | 230312s9999||||xx |||||||||||||| ||und|| | ||
| 020 | _a978-9673498161 | ||
| 082 |
_a006.3 _bRUS-A |
||
| 100 | _aRussell;Stuart.J | ||
| 245 | 0 | _aArtificial Intelligence: Modern Approach | |
| 260 |
_bPearsons _aIndia _c2015 |
||
| 300 | _a1145 | ||
| 650 |
_aComputer _vComputer |
||
| 942 | _cBK | ||
| 999 |
_c14122 _d14122 |
||